000 00422nab a2200145Ia 4500
003 ES-SlBCS
005 20210601130749.0
008 140529s2009 xxu||||| |||| 00| 0 fre d
041 _afre
100 1 _aDrummond, John J.
_948712
245 0 0 _aPhénoménologie et ontologie
_c John J. Drummond
650 0 4 _aFenomenología
_986431
773 0 _tPhilosophiques
_gvol. 36, nº. 2, 2009, págs. 593-608
_wRev1452
942 _cAR
999 _c551978
_d551978